Chaucer to Ben Jonson / (Record no. 186071)
[ view plain ]
| 000 -LEADER | |
|---|---|
| fixed length control field | 00671 a2200169 4500 |
| 003 - CONTROL NUMBER IDENTIFIER | |
| control field | Nust |
| 005 - DATE AND TIME OF LATEST TRANSACTION | |
| control field | 20230126160014.0 |
| 040 ## - CATALOGING SOURCE | |
| Transcribing agency | Nust |
| 082 ## - DEWEY DECIMAL CLASSIFICATION NUMBER | |
| Classification number | 842,STR |
| 100 ## - MAIN ENTRY--PERSONAL NAME | |
| Personal name | Strong , L A G |
| 9 (RLIN) | 107265 |
| 245 ## - TITLE STATEMENT | |
| Title | Chaucer to Ben Jonson / |
| Statement of responsibility, etc. | L. A. G.Strong |
| 260 ## - PUBLICATION, DISTRIBUTION, ETC. | |
| Place of publication, distribution, etc. | London |
| Name of publisher, distributor, etc. | Victor Gollancz |
| Date of publication, distribution, etc. | 1932 |
| 300 ## - PHYSICAL DESCRIPTION | |
| Extent | 576:p |
| 505 ## - FORMATTED CONTENTS NOTE | |
| Formatted contents note | Introduction (Page-9) Chaucer (Page-13), The Paston Letters (Page-33), Skelton (Page-45), The English Bible (Page-53), The Renaissance (Page-63), Spenser (Page-74), Marlowe (Page-88), Shakespeare (Page-120), Shakespeare (Page-139), Shakespeare (Page-154), Ben Jonson (Page-161). |
| 650 ## - SUBJECT ADDED ENTRY--TOPICAL TERM | |
| Topical term or geographic name entry element | English Literature |
| 9 (RLIN) | 318 |
| 942 ## - ADDED ENTRY ELEMENTS (KOHA) | |
| Source of classification or shelving scheme | |
| Koha item type | Book |
| Withdrawn status | Lost status | Source of classification or shelving scheme | Damaged status | Not for loan | Permanent Location | Current Location | Shelving location | Date acquired | Full call number | Barcode | Date last seen | Price effective from | Koha item type | Public note |
|---|---|---|---|---|---|---|---|---|---|---|---|---|---|---|
| Military College of Signals (MCS) | Military College of Signals (MCS) | General Stacks | 12/12/2016 | 842,STR | MCS29916 | 12/08/2016 | 12/12/2016 | Book | Almirah No.58, Shelf No.1 |
